Fiscal Transparency Handbook (2018).

The IMF's Fiscal Transparency Code is the international standard for disclosure of information about public finances and is the centerpiece of the global architecture on fiscal transparency. The Fiscal Transparency Handbook (2018) provides detailed guidance on the implementation of the new Fisc...

Descripció completa

Dades bibliogràfiques
Autor corporatiu: International Monetary Fund. Fiscal Affairs Dept
Format: Revista
Idioma:English
Publicat: Washington, D.C. : International Monetary Fund, 2018.
Col·lecció:Manuals and Guides
Accés en línia:Full text available on IMF
LEADER 01595cas a2200241 a 4500
001 AALejournalIMF022062
008 230101c9999 xx r poo 0 0eng d
020 |c 30.00 USD 
020 |z 9781484331859 
022 |a 2663-3744 
040 |a BD-DhAAL  |c BD-DhAAL 
110 2 |a International Monetary Fund.  |b Fiscal Affairs Dept. 
245 1 0 |a Fiscal Transparency Handbook (2018). 
264 1 |a Washington, D.C. :  |b International Monetary Fund,  |c 2018. 
300 |a 1 online resource (182 pages) 
490 1 |a Manuals and Guides 
500 |a <strong>Off-Campus Access:</strong> No User ID or Password Required 
500 |a <strong>On-Campus Access:</strong> No User ID or Password Required 
506 |a Electronic access restricted to authorized BRAC University faculty, staff and students 
520 3 |a The IMF's Fiscal Transparency Code is the international standard for disclosure of information about public finances and is the centerpiece of the global architecture on fiscal transparency. The Fiscal Transparency Handbook (2018) provides detailed guidance on the implementation of the new Fiscal Transparency Code, which was approved by the IMF Board in 2014. It explains why each principle of the Code is important and describes current trends in implementation of the principles, noting relevant international standards as well. Selected country examples are also provided. 
538 |a Mode of access: Internet 
830 0 |a Manuals and Guides 
856 4 0 |z Full text available on IMF  |u http://elibrary.imf.org/view/books/069/24788-9781484331859-en/24788-9781484331859-en-book.xml  |z IMF e-Library